[Event "Open"]
[Site "Louviers"]
[Date "2008.05.08"]
[Round "1"]
[White "Haudrechy, Daniel"]
[Black "Bacon, Nicolas"]
[Result "1/2-1/2"]
[WhiteElo "1820"]
[BlackElo "2246"]
[PlyCount "77"]
[EventDate "2008.05.17"]
[SourceDate "2008.05.17"]

1. d4 d6 2. c4 f5 3. Nf3 Nf6 4. Nc3 g6 5. Bg5 Nbd7 6. h3 Bg7 7. e3 O-O 8. Qc2
c6 9. Be2 Qe8 10. O-O h6 11. Bf4 e5 12. Bh2 g5 13. dxe5 Nxe5 14. Nxe5 dxe5 15.
Rad1 f4 16. exf4 exf4 17. Rfe1 Qf7 18. b3 Be6 19. Bd3 Kh8 20. Bg6 Qg8 21. Rd6
Bf7 22. Bd3 Rae8 23. Ne4 Bg6 24. f3 Nxe4 25. Bxe4 Bxe4 26. Rxe4 Rxe4 27. Qxe4
Re8 28. Qd3 Qf8 29. Kf1 Qe7 30. Qd2 Qe5 31. Bg1 Qa1+ 32. Qd1 Qxa2 33. Bd4 Qa5
34. Rd7 Bxd4 35. Qxd4+ Qe5 36. Qxe5+ Rxe5 37. Rxb7 Ra5 38. b4 Ra4 39. Ke2
1/2-1/2

[Event "Open"]
[Site "Louviers"]
[Date "2008.05.08"]
[Round "1"]
[White "Ferrant, Christophe"]
[Black "Leguillon, David"]
[Result "0-1"]
[WhiteElo "2159"]
[BlackElo "1770"]
[PlyCount "34"]
[EventDate "2008.05.17"]
[SourceDate "2008.05.17"]

1. d4 d5 2. e4 dxe4 3. Nc3 Nf6 4. f3 e6 5. fxe4 Bb4 6. Bd3 c5 7. Nf3 Nc6 8. a3
Ba5 9. O-O Nxd4 10. Be3 Bxc3 11. bxc3 Nxf3+ 12. Qxf3 Qc7 13. Bg5 c4 14. Bxf6
gxf6 15. Qxf6 Rf8 16. Be2 Bd7 17. Bh5 Qc5+ 0-1

[Event "Open"]
[Site "Louviers"]
[Date "2008.05.08"]
[Round "1"]
[White "Lecoeur, Boris"]
[Black "Duverne, Jean-Marie"]
[Result "0-1"]
[WhiteElo "1745"]
[BlackElo "2142"]
[PlyCount "46"]
[EventDate "2008.05.17"]
[SourceDate "2008.05.17"]

1. d4 Nf6 2. c4 e6 3. Nf3 b6 4. Nc3 Bb7 5. Bg5 Bb4 6. Qc2 h6 7. Bh4 g5 8. Bg3
d6 9. h3 Nbd7 10. e3 Ne4 11. Bh2 Qe7 12. Bd3 f5 13. a3 Bxc3+ 14. bxc3 O-O-O 15.
Ng1 Kb8 16. Ne2 e5 17. Nc1 exd4 18. cxd4 f4 19. O-O fxe3 20. f3 Nd2 21. Re1
Bxf3 22. Qxd2 exd2 23. Rxe7 d1=Q+ 0-1

[Event "Open"]
[Site "Louviers"]
[Date "2008.05.08"]
[Round "1"]
[White "Le Bourhis, Dominique"]
[Black "Blaise, Geoffrey"]
[Result "1-0"]
[WhiteElo "2104"]
[BlackElo "1680"]
[PlyCount "87"]
[EventDate "2008.05.17"]
[SourceDate "2008.05.17"]

1. Nf3 c5 2. c4 g6 3. d4 Bg7 4. e4 cxd4 5. Nxd4 d6 6. Nc3 Nd7 7. Be2 Ngf6 8.
O-O O-O 9. Be3 Nc5 10. f3 Bd7 11. Qd2 Re8 12. b4 Ne6 13. Nb3 Rc8 14. Rac1 b6
15. Rfd1 Bc6 16. a4 Ba8 17. a5 Nd7 18. Nb5 a6 19. N5d4 Nxd4 20. Bxd4 Bf8 21.
axb6 e5 22. Be3 Nxb6 23. Qa2 Qc7 24. Qxa6 Nd7 25. Qa2 Bb7 26. Qd2 Red8 27. Ra1
Nb6 28. Rdc1 Ra8 29. Rxa8 Rxa8 30. Qb2 Bc8 31. c5 dxc5 32. Nxc5 Bxc5 33. Rxc5
Qd8 34. Rxe5 Be6 35. Ra5 Rc8 36. Qd4 Nc4 37. Bxc4 Qxd4 38. Bxd4 Rxc4 39. Ra8+
Rc8 40. Ra7 Kf8 41. b5 Rc1+ 42. Kf2 Rc2+ 43. Ke3 Ke8 44. b6 1-0

[Event "Open"]
[Site "Louviers"]
[Date "2008.05.08"]
[Round "1"]
[White "Rodange, Barbara"]
[Black "Boursier, Xavier"]
[Result "1/2-1/2"]
[WhiteElo "1726"]
[BlackElo "2029"]
[PlyCount "100"]
[EventDate "2008.05.17"]
[SourceDate "2008.05.17"]

1. c4 Nf6 2. Nc3 g6 3. g3 Bg7 4. Bg2 O-O 5. Nf3 c6 6. O-O d6 7. d4 Nbd7 8. Bf4
Re8 9. Qd2 e5 10. dxe5 dxe5 11. Bh6 Bh8 12. Rfd1 Qc7 13. Rac1 Nb6 14. c5 Nbd5
15. Nxd5 cxd5 16. b4 Bd7 17. Bg5 Ba4 18. Re1 Bc6 19. Qb2 a6 20. Nd2 Nd7 21. Nb3
e4 22. Qd2 Be5 23. Red1 Nf8 24. Be3 Ne6 25. Nd4 Bxd4 26. Bxd4 Nxd4 27. Qxd4 Qe5
28. a3 Qxd4 29. Rxd4 f5 30. f3 Kf7 31. f4 Ke6 32. e3 a5 33. Rb1 axb4 34. axb4
Ra3 35. Kf2 Ra2+ 36. Kf1 Bb5+ 37. Kg1 Bd3 38. Rd1 Ra3 39. Bf1 Bxf1 40. Kxf1 Rb3
41. Rxd5 Re7 42. Rd6+ Kf7 43. Rb6 Rxe3 44. Ra1 Rb3 45. Ra7 e3 46. Ra2 Rb1+ 47.
Ke2 Rh1 48. Kf3 Rf1+ 49. Kg2 Rd1 50. Re2 Rd3 1/2-1/2

[Event "Open"]
[Site "Louviers"]
[Date "2008.05.08"]
[Round "1"]
[White "Vigneron, Frederic"]
[Black "Arinal, Serge"]
[Result "1-0"]
[WhiteElo "1997"]
[BlackElo "1680"]
[PlyCount "45"]
[EventDate "2008.05.17"]
[SourceDate "2008.05.17"]

1. d4 Nf6 2. c4 e6 3. Nf3 c5 4. Nc3 cxd4 5. Nxd4 Nc6 6. e4 Bb4 7. Nxc6 bxc6 8.
Bd3 Qa5 9. Bd2 O-O 10. O-O Qc7 11. f4 Bc5+ 12. Kh1 e5 13. fxe5 Qxe5 14. Rf5 Qe7
15. Bg5 Bd4 16. e5 Bxe5 17. Ne4 Bxb2 18. Nxf6+ Bxf6 19. Bxf6 Qd6 20. Qf3 Qe6
21. Qh5 Re8 22. Raf1 d5 23. Re5 1-0

[Event "Open"]
[Site "Louviers"]
[Date "2008.05.08"]
[Round "1"]
[White "Aknouche, Abdesslem"]
[Black "Guillaumat, Jean-Pierre"]
[Result "0-1"]
[WhiteElo "1670"]
[BlackElo "1962"]
[PlyCount "156"]
[EventDate "2008.05.17"]
[SourceDate "2008.05.17"]

1. d4 d5 2. c4 e6 3. Nf3 Nf6 4. Bg5 c6 5. e3 Qa5+ 6. Nc3 Ne4 7. Qc2 Bb4 8. Rc1
Nxg5 9. Nxg5 dxc4 10. Nf3 Qxa2 11. Ne5 b5 12. Be2 Qa5 13. O-O Bxc3 14. bxc3 Qc7
15. f4 Nd7 16. Nxc6 Bb7 17. Ne5 O-O 18. Bf3 Nf6 19. Rb1 Bxf3 20. Rxf3 a6 21. g4
g6 22. g5 Nh5 23. Ng4 f5 24. Ne5 Qb7 25. Qd1 Qe4 26. Rb2 Rfd8 27. Kf2 Rd6 28.
Rh3 Ng7 29. Rh6 Re8 30. Qg1 Qb7 31. h4 Nh5 32. Nxg6 hxg6 33. Rxg6+ Ng7 34. Rh6
Qf7 35. Qh2 Red8 36. h5 e5 37. g6 Qe7 38. fxe5 Qg5 39. Rh7 R6d7 40. h6 Qxg6 41.
Rxg7+ Rxg7 42. hxg7 Kxg7 43. Rb1 Rh8 44. Qf4 Qh5 45. Rg1+ Kf8 46. e6 Qh2+ 47.
Rg2 Qxf4+ 48. exf4 Rh3 49. Rg5 Rxc3 50. Rxf5+ Ke7 51. d5 Rd3 52. Rf7+ Ke8 53.
Rd7 c3 54. f5 c2 55. f6 Rxd5 56. Rxd5 c1=Q 57. f7+ Ke7 58. Rd7+ Kxe6 59. f8=Q
Kxd7 60. Qf7+ Kc6 61. Qe8+ Kb6 62. Qb8+ Ka5 63. Qd8+ Ka4 64. Qd4+ b4 65. Qd7+
Kb3 66. Qd3+ Qc3 67. Qxa6 Kb2 68. Qb6 b3 69. Ke2 Kb1 70. Kd1 Qc2+ 71. Ke1 b2
72. Qb5 Qc3+ 73. Kd1 Qd4+ 74. Ke1 Kc2 75. Qe2+ Kb3 76. Qe6+ Qc4 77. Kd1 Qxe6
78. Kd2 Qh3 0-1

[Event "Open"]
[Site "Louviers"]
[Date "2008.05.08"]
[Round "1"]
[White "Javor, Besim"]
[Black "Lierville, Patrick"]
[Result "1-0"]
[WhiteElo "1957"]
[BlackElo "1660"]
[PlyCount "70"]
[EventDate "2008.05.17"]
[SourceDate "2008.05.17"]

1. d4 d5 2. Nf3 Nf6 3. c3 e6 4. Bf4 c5 5. e3 Qb6 6. Qc2 Bd7 7. Nbd2 Nc6 8. Be2
Be7 9. Ne5 Rc8 10. dxc5 Bxc5 11. Nb3 Be7 12. O-O O-O 13. Nxd7 Nxd7 14. Bg3 Nf6
15. Rad1 e5 16. Qf5 e4 17. h4 g6 18. Qh3 Rfd8 19. Rd2 Bf8 20. Rfd1 Bg7 21. h5
Ne7 22. Be5 Qe6 23. Qxe6 fxe6 24. h6 Bh8 25. Nd4 Kf7 26. Nb5 Rc6 27. Nxa7 Nd7
28. Nxc6 bxc6 29. Bxh8 Rxh8 30. g4 g5 31. Rd4 Ra8 32. a3 c5 33. Rxe4 Rb8 34. b4
Nf6 35. Re5 Kg6 1-0

[Event "Open"]
[Site "Louviers"]
[Date "2008.05.08"]
[Round "1"]
[White "Bonte, Gerard"]
[Black "Criton, Roland"]
[Result "0-1"]
[WhiteElo "1640"]
[BlackElo "1954"]
[PlyCount "94"]
[EventDate "2008.05.17"]
[SourceDate "2008.05.17"]

1. c4 e5 2. Nc3 Nf6 3. d3 Bb4 4. Bd2 O-O 5. Nf3 Nc6 6. g3 d5 7. cxd5 Nxd5 8.
Bg2 Be6 9. O-O h6 10. a3 Be7 11. b4 a6 12. Rc1 Nf6 13. h3 Qd7 14. Kh2 Rfd8 15.
Qc2 Rac8 16. Qb2 Qd6 17. Rfd1 g5 18. Ne4 Nxe4 19. dxe4 Nd4 20. Nxd4 Qxd4 21.
Qxd4 Rxd4 22. Bc3 Rxd1 23. Rxd1 f6 24. g4 c5 25. e3 cxb4 26. Bxb4 Kf7 27. Rd2
Rc1 28. Rb2 b5 29. Bf3 Bc4 30. Kg3 Rg1+ 31. Kh2 Ra1 32. Kg3 Ke6 33. Bg2 Rxa3
34. Bxa3 Bxa3 35. Rc2 a5 36. f4 Kd6 37. Bf3 Kc5 38. Be2 Bb4 39. Kf2 a4 40. Bxc4
bxc4 41. Ke2 exf4 42. Ra2 a3 43. Kf3 c3 44. exf4 Kc4 45. fxg5 hxg5 46. Ke3 Kb3
47. Rf2 Bc5+ 0-1

[Event "Open"]
[Site "Louviers"]
[Date "2008.05.08"]
[Round "1"]
[White "Goy, Wilfried"]
[Black "Saint-Gilles, Damien"]
[Result "1/2-1/2"]
[WhiteElo "1906"]
[BlackElo "1620"]
[PlyCount "188"]
[EventDate "2008.05.17"]
[SourceDate "2008.05.17"]

1. e4 e5 2. Nc3 Nf6 3. Nf3 Nc6 4. g3 d5 5. exd5 Nxd5 6. Bg2 Nxc3 7. bxc3 Bg4 8.
h3 Be6 9. O-O Qd7 10. Kh2 Bd6 11. d4 exd4 12. cxd4 O-O 13. c3 Rad8 14. Re1 Bd5
15. Bg5 Be7 16. Ne5 Nxe5 17. Bxe7 Bxg2 18. Kxg2 Qxe7 19. Rxe5 Qd7 20. Qf3 b6
21. Qb7 a5 22. Rae1 Rb8 23. Qe4 h6 24. Re7 Qd6 25. Qe5 Qc6+ 26. d5 Qc4 27. Rxc7
Qxa2 28. d6 Rbd8 29. Re7 Qd2 30. Rb1 Rxd6 31. Rb7 Rc6 32. R7xb6 Rxc3 33. R1b2
Rc2 34. Rxc2 Qxc2 35. Qxa5 Qe4+ 36. Kg1 Rd8 37. Qa1 Qf3 38. Rb1 Rd2 39. Rf1 h5
40. Qe1 Re2 41. h4 Qg4 42. Qa5 Qf3 43. Qb6 Re6 44. Qb8+ Kh7 45. Rc1 Qf5 46. Qb7
Re5 47. Rc3 Re2 48. Rf3 Qh3 49. Qb1+ Kg8 50. Rb3 Re8 51. Rb5 g6 52. Rb7 Qf5 53.
Qxf5 gxf5 54. Rb5 Kg7 55. Rxf5 Kg6 56. Rg5+ Kh6 57. Kg2 f6 58. Rd5 Re2 59. Kf3
Ra2 60. Ke3 Ra3+ 61. Ke4 Kg6 62. f3 Ra4+ 63. Rd4 Ra3 64. Kf4 Ra5 65. g4 Rb5 66.
Rd6 Kf7 67. Ke4 Kg6 68. Rd5 Rb4+ 69. Rd4 Rb5 70. Kf4 Ra5 71. Rd8 Kg7 72. Re8
Rb5 73. g5 fxg5+ 74. hxg5 h4 75. Kg4 h3 76. Re2 Kg6 77. f4 Rb4 78. Rh2 Rb1 79.
Rxh3 Rg1+ 80. Rg3 Rf1 81. Rg2 Re1 82. f5+ Kf7 83. g6+ Kf6 84. Kf4 Rf1+ 85. Ke3
Re1+ 86. Re2 Rg1 87. Rf2 Re1+ 88. Kd4 Re8 89. Kd5 Kg7 90. Kd6 Kf6 91. Kd7 Re5
92. Rg2 Kg7 93. f6+ Kxf6 94. g7 Re7+ 1/2-1/2

[Event "Open"]
[Site "Louviers"]
[Date "2008.05.08"]
[Round "1"]
[White "Roussel, Julien"]
[Black "Vallobra, Pierre"]
[Result "1-0"]
[WhiteElo "1599"]
[BlackElo "1906"]
[PlyCount "127"]
[EventDate "2008.05.17"]
[SourceDate "2008.05.18"]

1. d4 d5 2. c4 c6 3. Nc3 Nf6 4. Nf3 e6 5. e3 Be7 6. Bd3 O-O 7. O-O b6 8. e4
dxe4 9. Nxe4 Nbd7 10. Qc2 Bb7 11. Ne5 Nxe4 12. Bxe4 Nf6 13. Bxc6 Qc7 14. Bxb7
Qxb7 15. Be3 Rac8 16. Qe2 Bd6 17. Rac1 Rfd8 18. Rfd1 Qc7 19. Bf4 Nd7 20. Bg3
Nf6 21. c5 bxc5 22. dxc5 Bxc5 23. Nd3 Qb6 24. Nxc5 Rxd1+ 25. Qxd1 Rxc5 26. Rxc5
Qxc5 27. Qd8+ Qf8 28. Qc7 a6 29. Qb7 a5 30. Qa6 Qd8 31. h3 Nd5 32. Bh4 g5 33.
Bg3 Nb4 34. Qc4 Qd1+ 35. Kh2 Qd5 36. Qc8+ Kg7 37. Qb8 Nc6 38. Qb6 e5 39. b3 f5
40. Qc7+ Kg6 41. f3 e4 42. fxe4 fxe4 43. Qd6+ Qxd6 44. Bxd6 Kf5 45. Kg3 h5 46.
Bc7 g4 47. hxg4+ hxg4 48. Kf2 Ke6 49. Ke3 Kd5 50. Bb6 Ke5 51. g3 Kf5 52. Bc7
Nb4 53. Bxa5 Nxa2 54. Bd2 Ke5 55. b4 Kd5 56. b5 Kc5 57. Kxe4 Kxb5 58. Kd3 Kc5
59. Kc2 Kc4 60. Ba5 Kb5 61. Be1 Kc4 62. Bd2 Kd4 63. Kb2 Kd3 64. Ba5 1-0

[Event "Open"]
[Site "Louviers"]
[Date "2008.05.08"]
[Round "1"]
[White "Ernouf, Anthony"]
[Black "Delengaigne, Gregory"]
[Result "1-0"]
[WhiteElo "1903"]
[BlackElo "1490"]
[PlyCount "65"]
[EventDate "2008.05.17"]
[SourceDate "2008.05.18"]

1. d4 Nf6 2. c4 e5 3. d5 d6 4. Nc3 Bf5 5. Bg5 Be7 6. Nf3 Nbd7 7. Nh4 Bg6 8.
Nxg6 hxg6 9. e4 Nc5 10. Qf3 Ng8 11. Be3 Qd7 12. Bxc5 dxc5 13. Be2 O-O-O 14.
Qxf7 Bh4 15. Qxd7+ Rxd7 16. Bg4 Nf6 17. Bxd7+ Kxd7 18. g3 Bg5 19. h4 Ng4 20.
Ke2 Be7 21. f3 Nf6 22. f4 exf4 23. gxf4 Nh5 24. Kf3 Rf8 25. Ne2 Bd6 26. Raf1
Bxf4 27. Nxf4 Rxf4+ 28. Ke3 Rxf1 29. Rxf1 Kd6 30. Rg1 Ke5 31. Rxg6 Nf6 32. Rg5+
Kd6 33. e5+ 1-0

[Event "Open"]
[Site "Louviers"]
[Date "2008.05.08"]
[Round "1"]
[White "Deheij, Gerrit"]
[Black "Rouas, Yannick"]
[Result "0-1"]
[WhiteElo "1480"]
[BlackElo "1930"]
[PlyCount "58"]
[EventDate "2008.05.17"]
[SourceDate "2008.05.18"]

1. Nf3 Nf6 2. c4 g6 3. d4 c5 4. e3 Bg7 5. Nc3 O-O 6. Qc2 e6 7. a3 Nc6 8. dxc5
Qa5 9. Rb1 Qxc5 10. b4 Qe7 11. Bb2 d5 12. cxd5 exd5 13. Be2 Be6 14. O-O Rac8
15. Rbc1 Ng4 16. Qb1 Rfd8 17. Rfe1 Nge5 18. Qa1 Nxf3+ 19. Bxf3 Ne5 20. Be2 Nc4
21. Nxd5 Bxd5 22. Bxg7 Qg5 23. g3 Nxe3 24. h4 Qe7 25. Rxc8 Rxc8 26. Bh6 Nf5 27.
Bg4 Nxh6 28. Rxe7 Nxg4 29. Qd4 Rc1+ 0-1

[Event "Open"]
[Site "Louviers"]
[Date "2008.05.08"]
[Round "1"]
[White "Mouhamad, Joachin"]
[Black "Rousselin, Marc"]
[Result "1-0"]
[WhiteElo "1899"]
[BlackElo "1480"]
[PlyCount "87"]
[EventDate "2008.05.17"]
[SourceDate "2008.05.18"]

1. e4 c5 2. Nf3 d6 3. d4 cxd4 4. Nxd4 Nf6 5. Nc3 a6 6. g3 e5 7. Nde2 Be7 8. Bg2
Nbd7 9. O-O O-O 10. a4 Rb8 11. Be3 Nb6 12. Qd3 Be6 13. Nd5 Nbxd5 14. exd5 Bd7
15. a5 Qc8 16. c4 Bh3 17. Nc3 Bxg2 18. Kxg2 Qg4 19. f3 Qg6 20. Qxg6 fxg6 21.
Rac1 Nd7 22. b4 Rfc8 23. Na4 Bd8 24. Nb6 Nxb6 25. axb6 Ra8 26. c5 dxc5 27. bxc5
Rab8 28. Rb1 Be7 29. Rbc1 a5 30. Rfd1 Kf7 31. c6 Bd6 32. Rd2 a4 33. Rc4 a3 34.
Rdc2 h5 35. Ra4 Ra8 36. Ra7 Rxa7 37. bxa7 bxc6 38. Rxc6 a2 39. Rxc8 a1=Q 40.
a8=Q Qb2+ 41. Bf2 e4 42. Qa7+ Be7 43. fxe4 Qe2 44. Qe3 1-0

[Event "Open"]
[Site "Louviers"]
[Date "2008.05.08"]
[Round "1"]
[White "Mezier, Pascal"]
[Black "Roussette, Stephane"]
[Result "0-1"]
[WhiteElo "1270"]
[BlackElo "1950"]
[PlyCount "50"]
[EventDate "2008.05.17"]
[SourceDate "2008.05.18"]

1. e4 c5 2. c4 Nc6 3. Nf3 d6 4. h3 g6 5. d4 cxd4 6. Nxd4 Bg7 7. Be3 Nf6 8. Bd3
O-O 9. Nd2 Bd7 10. N2f3 Rc8 11. O-O Nb4 12. b3 Nxd3 13. Qxd3 a6 14. b4 b5 15.
Rac1 bxc4 16. Rxc4 Rxc4 17. Qxc4 Qa8 18. e5 Rc8 19. Qb3 Ne4 20. e6 Be8 21. Ng5
Nxg5 22. Bxg5 Bxd4 23. Bxe7 Rc3 24. exf7+ Bxf7 25. Qd1 Rg3 0-1

[Event "Open"]
[Site "Louviers"]
[Date "2008.05.08"]
[Round "1"]
[White "Josse, Sebastien"]
[Black "Varigault, Nicole"]
[Result "1-0"]
[WhiteElo "1849"]
[BlackElo "1200"]
[PlyCount "67"]
[EventDate "2008.05.17"]
[SourceDate "2008.05.18"]

1. f4 e6 2. Nf3 Nc6 3. g3 Nf6 4. d3 d5 5. Bg2 Bd6 6. Nc3 O-O 7. Bd2 a6 8. e4 d4
9. Ne2 Bc5 10. h3 a5 11. g4 h6 12. Ng3 b5 13. a3 Bd6 14. e5 Be7 15. exf6 Bxf6
16. Ne5 Bxe5 17. fxe5 Ra6 18. Bxc6 Rxc6 19. Bxa5 Qd5 20. Qe2 g6 21. O-O Qd7 22.
Ne4 Qe7 23. Bb4 Qh4 24. Bxf8 Kxf8 25. Qf3 Qe7 26. Ng5 hxg5 27. Qxc6 Bd7 28.
Qxc7 Kg7 29. Rf6 Qe8 30. Raf1 Qc8 31. Rxf7+ Kg8 32. Qxc8+ Bxc8 33. Rf8+ Kg7 34.
R1f7+ 1-0

[Event "Open"]
[Site "Louviers"]
[Date "2008.05.08"]
[Round "1"]
[White "Dubost, Florian"]
[Black "Bordelet, Louis"]
[Result "1-0"]
[WhiteElo "1199"]
[BlackElo "1840"]
[PlyCount "59"]
[EventDate "2008.05.17"]
[SourceDate "2008.05.18"]

1. e4 e6 2. d4 d5 3. Nc3 Nf6 4. e5 Nfd7 5. Nce2 c5 6. c3 Nc6 7. f4 Qb6 8. Nf3
Be7 9. g3 cxd4 10. Nfxd4 a6 11. Bh3 Nc5 12. Qc2 Ne4 13. O-O Bd7 14. Kg2 Rc8 15.
Be3 Qc7 16. Rf3 Na5 17. Raf1 Nc4 18. f5 Nxe3+ 19. Rxe3 Ng5 20. Nf4 Nxh3 21.
Nxh3 Bc5 22. fxe6 fxe6 23. Qf2 Rf8 24. Rf3 Rxf3 25. Qxf3 Qxe5 26. b4 Bd6 27.
Qf7+ Kd8 28. Nf4 Qe4+ 29. Kh3 e5+ 30. Nde6+ 1-0

[Event "Open"]
[Site "Louviers"]
[Date "2008.05.08"]
[Round "1"]
[White "Didierjean, Tristan"]
[Black "Jolly, Hugo"]
[Result "1-0"]
[WhiteElo "1832"]
[BlackElo "1099"]
[PlyCount "35"]
[EventDate "2008.05.17"]
[SourceDate "2008.05.18"]

1. d4 d5 2. f4 Nc6 3. Nf3 e6 4. e3 Bd6 5. Bd3 Nf6 6. O-O O-O 7. c4 b6 8. a3 Bb7
9. b4 Ng4 10. c5 bxc5 11. bxc5 Be7 12. h3 Nf6 13. Nbd2 a6 14. Ne5 Nxe5 15. fxe5
Nd7 16. Qh5 f6 17. Qxh7+ Kf7 18. Bg6# 1-0

[Event "Open"]
[Site "Louviers"]
[Date "2008.05.08"]
[Round "1"]
[White "Voegele, Francois-Marie"]
[Black "Lefebvre, Richard"]
[Result "0-1"]
[WhiteElo "1070"]
[BlackElo "1820"]
[PlyCount "50"]
[EventDate "2008.05.17"]
[SourceDate "2008.05.18"]

1. e4 c5 2. Nf3 d6 3. d3 Nc6 4. Be2 Nf6 5. Nc3 g6 6. Be3 Bg7 7. O-O O-O 8. Qd2
Ng4 9. h3 Nxe3 10. Qxe3 Nd4 11. Qd2 a6 12. Nxd4 cxd4 13. Nd5 e6 14. Nf4 Bh6 15.
c3 e5 16. cxd4 Bxf4 17. Qc3 Qb6 18. d5 Bd7 19. b3 Rfc8 20. Qb2 Rc7 21. Qa3 Rac8
22. Rfd1 Rc2 23. Kf1 Rxe2 24. Kxe2 Rc2+ 25. Ke1 Qxf2# 0-1

[Event "Open"]
[Site "Louviers"]
[Date "2008.05.08"]
[Round "2"]
[White "Duverne, Jean-Marie"]
[Black "Mouhamad, Joachin"]
[Result "1/2-1/2"]
[WhiteElo "2142"]
[BlackElo "1899"]
[PlyCount "109"]
[EventDate "2008.05.18"]
[SourceDate "2008.05.18"]

1. e4 c5 2. Nf3 Nc6 3. d4 cxd4 4. Nxd4 Nf6 5. Nc3 e5 6. Ndb5 d6 7. Bg5 a6 8.
Na3 b5 9. Bxf6 gxf6 10. Nd5 Bg7 11. c3 f5 12. Bd3 Be6 13. Qh5 f4 14. O-O Ne7
15. Rad1 O-O 16. g4 Ng6 17. f3 Rb8 18. Kh1 Rb7 19. Rg1 Qh4 20. Rd2 Kh8 21. Qxh4
Nxh4 22. Be2 Rc8 23. Rgd1 Bf8 24. h3 Kg7 25. Kg1 h5 26. Kf2 hxg4 27. hxg4 Ng6
28. Nc2 a5 29. Na3 Rcb8 30. c4 bxc4 31. Nxc4 Ne7 32. Nxe7 Bxe7 33. b3 a4 34.
Na5 Rc7 35. bxa4 Ra8 36. Nb3 Rxa4 37. Bb5 Ra3 38. Rc1 Rca7 39. Rcc2 Bxb3 40.
axb3 Rxb3 41. Bc4 Re3 42. Ra2 Raa3 43. Rxa3 Rxa3 44. Rb2 Ra7 45. Bd5 Kf6 46.
Kg2 Bd8 47. Rb8 Ke7 48. g5 Rc7 49. Kh3 Kd7 50. Kg4 Rc1 51. Rb7+ Kc8 52. Rxf7
Rg1+ 53. Kf5 Rxg5+ 54. Ke6 Rg6+ 55. Kf5 1/2-1/2

[Event "Open"]
[Site "Louviers"]
[Date "2008.05.08"]
[Round "2"]
[White "Josse, Sebastien"]
[Black "Vigneron, Frederic"]
[Result "1-0"]
[WhiteElo "1849"]
[BlackElo "1997"]
[PlyCount "145"]
[EventDate "2008.05.18"]
[SourceDate "2008.05.18"]

1. f4 c6 2. Nf3 d5 3. g3 Nf6 4. Bg2 Nbd7 5. O-O g6 6. d3 Bg7 7. c3 O-O 8. Qe1
Qb6+ 9. Kh1 Ng4 10. Na3 e5 11. fxe5 Ndxe5 12. Nxe5 Nxe5 13. Qf2 Qxf2 14. Rxf2
Be6 15. h3 Rad8 16. Nc2 c5 17. Bg5 Rd7 18. Raf1 b5 19. d4 cxd4 20. Nxd4 Nc4 21.
b3 Nd6 22. Bf6 Ne4 23. Bxe4 dxe4 24. Bxg7 Bxh3 25. Bxf8 Kxf8 26. Rc1 b4 27. Rh2
bxc3 28. e3 Bg4 29. Rxh7 Bh5 30. Rh8+ Kg7 31. Rc8 Bg4 32. R8xc3 Rd5 33. Rc5 Rd8
34. Kg2 Rh8 35. Rh1 Bf3+ 36. Nxf3 exf3+ 37. Kg1 f2+ 38. Kxf2 Rxh1 39. Ra5 Kf6
40. Rxa7 g5 41. a3 g4 42. b4 Rh2+ 43. Kf1 Rh1+ 44. Kg2 Re1 45. Kf2 Rb1 46. e4
Ke5 47. Rxf7 Rb2+ 48. Kg1 Rb1+ 49. Kg2 Rb2+ 50. Rf2 Rb3 51. Rf5+ Ke6 52. Rg5
Rxa3 53. Rxg4 Ke5 54. Rf4 Rb3 55. b5 Ke6 56. Rf5 Rb2+ 57. Kf3 Rb3+ 58. Kf4 Rb1
59. g4 Rf1+ 60. Kg5 Re1 61. b6 Rb1 62. Kg6 Rg1 63. g5 Rb1 64. Kg7 Ke7 65. b7
Ke6 66. Rf7 Rb2 67. g6 Rb1 68. Kf8 Rh1 69. g7 Rg1 70. Re7+ Kf6 71. b8=Q Rf1 72.
g8=Q Rf5 73. Qg7# 1-0

[Event "Open"]
[Site "Louviers"]
[Date "2008.05.08"]
[Round "2"]
[White "Le Bourhis, Dominique"]
[Black "Roussette, Stephane"]
[Result "0-1"]
[WhiteElo "1870"]
[BlackElo "2104"]
[PlyCount "102"]
[EventDate "2008.05.18"]
[SourceDate "2008.05.18"]

1. e4 c5 2. Nc3 d6 3. g3 Nc6 4. Bg2 g6 5. d3 Bg7 6. f4 e6 7. Nf3 Nge7 8. O-O
O-O 9. Be3 Nd4 10. e5 dxe5 11. Nxe5 f6 12. Nf3 f5 13. Ne5 Qc7 14. Qd2 Rd8 15.
Nc4 Bd7 16. Ne5 Be8 17. Rae1 Nec6 18. Nf3 c4 19. Bf2 cxd3 20. cxd3 Nxf3+ 21.
Bxf3 Nd4 22. Bxd4 Bxd4+ 23. Kg2 Bf7 24. Nb5 Qb6 25. Nxd4 Qxd4 26. Re3 Rac8 27.
Rc1 b6 28. Kf2 Be8 29. Ke2 Kf7 30. Rc3 Bb5 31. Bb7 Rc5 32. Rxc5 bxc5 33. Qc3
Rb8 34. Bf3 Ba6 35. Qxd4 cxd4 36. Re5 Rxb2+ 37. Kd1 Rxa2 38. Be2 Bb7 39. Rb5
Bd5 40. Rc5 a5 41. Rc7+ Kf6 42. Rxh7 a4 43. Ke1 e5 44. Rd7 Be6 45. Rd6 exf4 46.
gxf4 a3 47. Ra6 Ra1+ 48. Kf2 a2 49. Bf3 Rc1 50. Bd5 a1=Q 51. Rxe6+ Kg7 0-1

[Event "Open"]
[Site "Louviers"]
[Date "2008.05.08"]
[Round "2"]
[White "Guillaumat, Jean-Pierre"]
[Black "Didierjean, Tristan"]
[Result "1-0"]
[WhiteElo "1962"]
[BlackElo "1832"]
[PlyCount "71"]
[EventDate "2008.05.18"]
[SourceDate "2008.05.18"]

1. d4 d5 2. Nf3 Nd7 3. e3 Ngf6 4. c4 e6 5. Bd3 Be7 6. Nc3 c6 7. O-O O-O 8. h3
Ne8 9. e4 dxc4 10. Bxc4 Nb6 11. Bb3 c5 12. Be3 c4 13. Bc2 f5 14. exf5 exf5 15.
Bf4 Nd6 16. Re1 g5 17. Rxe7 Qxe7 18. Bxg5 Qg7 19. Bf4 Ne4 20. Nb5 Nd5 21. Be5
Qh6 22. Qe2 Ng5 23. Nxg5 Qxg5 24. Qxc4 Be6 25. Bb3 h5 26. Nc7 Nxc7 27. Qxc7
Bxb3 28. axb3 Rf7 29. Qc4 a6 30. b4 Re8 31. Ra3 h4 32. Rf3 Qg6 33. Rf4 Qh5 34.
Kh2 Kh7 35. Rxh4 Qxh4 36. Qxf7+ 1-0

[Event "Open"]
[Site "Louviers"]
[Date "2008.05.08"]
[Round "2"]
[White "Rouas, Yannick"]
[Black "Dubost, Florian"]
[Result "1-0"]
[WhiteElo "1930"]
[BlackElo "1199"]
[PlyCount "63"]
[EventDate "2008.05.18"]
[SourceDate "2008.05.18"]

1. d4 f5 2. e4 fxe4 3. Nc3 Nf6 4. Bg5 d5 5. Bxf6 exf6 6. Qh5+ g6 7. Qxd5 Nc6 8.
Qxe4+ Be7 9. O-O-O Bf5 10. Qe3 a6 11. Bc4 Qd6 12. Nf3 O-O-O 13. Rhe1 Rhe8 14.
Nh4 Nxd4 15. Nxf5 gxf5 16. Ne2 Nxe2+ 17. Qxe2 Qf4+ 18. Kb1 Rxd1+ 19. Qxd1 Qxc4
20. Qh5 Qd5 21. Qxe8+ Bd8 22. Qe6+ Qxe6 23. Rxe6 Kd7 24. Re3 b5 25. Rh3 Ke6 26.
Rxh7 Be7 27. h4 f4 28. h5 c5 29. h6 Bf8 30. Rh8 Kf7 31. h7 Kg7 32. Rxf8 1-0

[Event "Open"]
[Site "Louviers"]
[Date "2008.05.08"]
[Round "2"]
[White "Bacon, Nicolas"]
[Black "Rodange, Barbara"]
[Result "1-0"]
[WhiteElo "2246"]
[BlackElo "1726"]
[PlyCount "55"]
[EventDate "2008.05.18"]
[SourceDate "2008.05.18"]

1. e4 e5 2. Nc3 Nf6 3. f4 d6 4. Bc4 Be7 5. Nf3 O-O 6. d3 Nbd7 7. O-O c6 8. a4
exf4 9. Kh1 Nb6 10. Bb3 d5 11. e5 Nfd7 12. a5 d4 13. Ne2 Nd5 14. Nexd4 Nc5 15.
Bxd5 Qxd5 16. Bxf4 f6 17. h3 Ne6 18. Nf5 Qd8 19. Nxe7+ Qxe7 20. exf6 Qxf6 21.
Bd6 Re8 22. Ne5 Qd8 23. Qh5 g6 24. Qh6 Qg5 25. Nf7 Qxh6 26. Nxh6+ Kg7 27. Ng4
Rd8 28. Be5+ 1-0

[Event "Open"]
[Site "Louviers"]
[Date "2008.05.08"]
[Round "2"]
[White "Boursier, Xavier"]
[Black "Goy, Wilfried"]
[Result "1-0"]
[WhiteElo "2029"]
[BlackElo "1906"]
[PlyCount "49"]
[EventDate "2008.05.18"]
[SourceDate "2008.05.18"]

1. e4 c5 2. c3 Nf6 3. e5 Nd5 4. d4 cxd4 5. Nf3 Nc6 6. Bc4 Nb6 7. Bb3 d5 8. exd6
Qxd6 9. cxd4 e6 10. O-O Be7 11. Nc3 O-O 12. Re1 a6 13. d5 exd5 14. Nxd5 Nxd5
15. Qxd5 Qxd5 16. Bxd5 Bf6 17. Bf4 Nb4 18. Be4 Bxb2 19. Rab1 Bc3 20. Re3 Nxa2
21. Bd6 Rd8 22. Bc7 f5 23. Bc2 Rd7 24. Bb6 f4 25. Bb3+ 1-0